Industrielle Datenverarbeitung
Enregistré dans:
| Auteur principal: | |
|---|---|
| Format: | Livre |
| Langue: | allemand |
| Publié: |
Wiesbaden
Gabler
1988
|
| Édition: | 7. neu bearb. Aufl. |
| Sujets: | |
| Tags: |
Pas de tags, Soyez le premier à ajouter un tag!
|
MARC
| LEADER | 00000nam a2200000 4500 | ||
|---|---|---|---|
| 001 | c000012 | ||
| 005 | 20221219111728.4 | ||
| 020 | |a 3-409-69046-8 | ||
| 041 | 0 | |a ger | |
| 044 | |a DE | ||
| 245 | 1 | 0 | |a Industrielle Datenverarbeitung |c Peter Mertens |
| 250 | |a 7. neu bearb. Aufl. | ||
| 264 | 1 | |a Wiesbaden |b Gabler |c 1988 | |
| 300 | |a 287 s. |e príl. | ||
| 610 | 2 | 0 | |a spracovanie dát |
| 610 | 2 | 0 | |a systémy počítačové |
| 610 | 2 | 0 | |a AIIS |
| 610 | 2 | 0 | |a systémy informačné |
| 610 | 2 | 0 | |a administratíva |
| 610 | 2 | 0 | |a kontrola |
| 610 | 2 | 0 | |a systémy plánovania automatizované |
| 610 | 2 | 0 | |a automatizácia administratívy |
| 610 | 2 | 0 | |a využitie počítačov |
| 610 | 2 | 0 | |a systémy riadenia automatizované |
| 100 | 1 | |a Mertens, Peter | |